| 000 | 00701nam a22002057a 4500 | ||
|---|---|---|---|
| 003 | 0 | ||
| 005 | 20251028113952.0 | ||
| 008 | 251028b xxu||||| |||| 00| 0 eng d | ||
| 020 | _a978-1-77956-449-8 | ||
| 050 |
_aTX 909.5 _b.H47 2025 |
||
| 245 |
_aHeritage hotels : _bpreserving history while meeting modern expectations / _cedited by Rajni Gupta. |
||
| 260 |
_aBurlington, ON : _bSociety Publishing, _c2025. |
||
| 300 |
_axviii, 404 pages : _bcolored illustrations ; _c24 cm. |
||
| 504 | _aIncludes bibliographical references and index. | ||
| 650 | _aHistoric hotels. | ||
| 650 | _aHotel management. | ||
| 650 | _aHeritage tourism. | ||
| 650 |
_aCultural property _xProtection. |
||
| 942 |
_2lcc _cBK |
||
| 999 |
_c368373 _d368373 |
||